00508nam a2200193 a 4500001001300000003000900013005001700022008004100039020001000080082001700090100002000107245004300127260003300170300000800203500003500211505002800246650002000274700002000294nice12345678IN_TiNIC20260116013538.0050524s1992 hyda grp 000 0 eng  ac10000a297.82bALI1 aAli, Syed Abbas aTreatise on Rights ( Risalat-Al-Huquq) aHyderabadbShaheed Pubc1992 a45p aincludes index and biblioraphy2 aforword by mahmud ayoub aShiah-Doctrines1 aAli, Syed Abbas